000 00919nam a2200145Ia 4500
008 231221s9999 xx 000 0 und d
041 _aEnglish
082 _aCPEC15-1096
100 _aVijetha B. Sowmya Madhavan. Sambasiva Rao, V.
245 0 _aPhase Ambiguity Removal, Ber Measurement And Characterization Of Bpsk Modulator For Satellite Commanding
260 _c2015
500 _a Phase Ambiguity Removal, Ber Measurement And Characterization Of Bpsk Modulator For Satellite Commanding Vijetha B, Sowmya Madhavan and V. Sambasiva Rao Department of Electronics and Communication Engineering, PES Institute of Technology, Bangalore, INDIA International Conference on Current Innovations in Engineering and Technology, ISBN: 978-1511884-099, pp. 167-171, 2015.
650 _aPhase,Ambiguity,Removal,,Ber,Measurement,Characterization,Bpsk,Modulator,Satellite,Commanding
942 _cIR
999 _c233622
_d233622